00708cam a2200229 a 450000100060000000300080000600500170001400800390003102000150007003500190008504000320010404100080013608200250014410000250016924500770019426000440027130000350031550400390035065000370038965000210042670000310044715883BD-RjUL20211208235914.0140211s1985 maua b 001 0 eng a0534041078 a(BD-RjUL)15938 aDLCcDLCdDLCdBD-RjULbeng aeng00a658.4030072219bDAB1 aDavis, Duane,d1950-10aBusiness research for decision making /cDuane Davis, Robert M. Cosenza. aBoston, Mass. :bKent Pub. Co.,cc1985. axiii, 561 p. :bill. ;c24 cm. aIncludes bibliographies and index. 0aIndustrial managementxResearch. 0aDecision making.1 aCosenza, Robert M.,d1947-